000 00723nam a2200229 a 4500
001 54587
003 BD-RjUL
005 20211209080136.0
008 161107s1966 nyu b 001 0 eng
035 _a(BD-RjUL)54709
040 _aDLC
_cDLC
_dBD-RjUL
_beng
041 _aeng
082 0 0 _223
_a823
_bDIC 1966
245 1 4 _aThe Dickens critics /
_cedited by George H. Ford and Lauriat Lane, Jr.
260 _aNew York :
_bCornell University Press,
_c1966.
300 _ax, 417 p. ;
_c22 cm.
504 _aBibliography: p. 387-410.
600 1 0 _aDickens, Charles,
_d1812-1870
_xCriticism and interpretation.
_9162817
700 1 _aFord, George H.
_d1925-2005.
_9162814
700 1 _aLane, Lauriat,
_9162815
942 _2ddc
_cBK
999 _c54587
_d54587